[Event "Banska Stiavnica V4 op"]
[Site "Banska Stiavnica"]
[Date "2017.07.09"]
[Round "2"]
[White "Zobal, Lukas"]
[Black "Cech, Dominik"]
[Result "0-1"]
[WhiteElo "1000"]
[BlackElo "2113"]
[PlyCount "76"]
[EventDate "2017.07.08"]
[EventType "swiss"]
[EventRounds "9"]
[EventCountry "SVK"]
[SourceTitle "CBM 179 Extra"]
[Source "ChessBase"]
[SourceDate "2017.08.23"]
[SourceVersion "1"]
[SourceVersionDate "2017.08.23"]
[SourceQuality "1"]

1. d4 Nf6 2. Nc3 d5 3. Nf3 e6 4. Bg5 Be7 5. e3 0-0 6. Be2 c5 7. 0-0 Nc6 8. Re1 h6 9. Bh4 Bd7 10. a3 b6 11. Bg3 a6 12. Ne5 Nxe5 13. Bxe5 Bc6 14. Bf3 Qd7 15. e4 Rfd8 16. Re3 cxd4 17. Bxd4 dxe4 18. Bxf6 Qb7 19. Qe2 exf3 20. gxf3 Bxf6 21. f4 Rd4 22. Qg4 Rad8 23. Rd1 Rxd1+ 24. Nxd1 Bf3 25. Qxf3 Qxf3 26. Rxf3 Rxd1+ 27. Kg2 Bxb2 28. c3 Bxa3 29. c4 Bc5 30. f5 exf5 31. Rxf5 Rd4 32. f4 g6 33. Rd5 Rxf4 34. Kg3 Rxc4 35. h4 Rd4 36. Rxd4 Bxd4 37. Kf4 Bf6 38. Kg4 a5 0-1